Countries by Largest Hospital - Statistics

General Stats
  • This quiz has been taken 68 times
  • The average score is 5 of 10
Answer Stats
Hospital Campus Beds (per Year) Country % Correct
First Affiliated Hospital of Zhengzhou University 7,000 China
98%
Government Medical College, Kozhikode 3,025 India
84%
Asan Medical Center 2,715 South Korea
64%
Qasr El Eyni Hospital 3,200 Egypt
55%
Ankara Bilkent City Hospital 3,810 Turkey
55%
Chris Hani Baragwanath Hospital 3,200 South Africa
45%
Linkou Chang Gung Memorial Hospital 4,000 Taiwan
34%
National Hospital of Sri Lanka 3,404 Sri Lanka
9%
Clinical Centre of Serbia 3,150 Serbia
3%
Helsinki University Central Hospital 2,600 Finland
2%
No matching quizzes found
Score Distribution
Percent of People with Each Score
Percentile by Number Answered
Your Score History
You have not taken this quiz